| 000 | 00725nam a22001937a 4500 | ||
|---|---|---|---|
| 003 | BD-DhUL | ||
| 005 | 20170517173939.0 | ||
| 008 | 160127s1976 bg |||| |||| 00| 0 ben d | ||
| 020 | _a9844060737 | ||
| 040 |
_aBD-DhUL _cBD-DhUL |
||
| 082 |
_a954.92 _bBAJ |
||
| 100 | 1 | _aবদরুদ্দীন উমর | |
| 245 | 0 | 0 |
_aযুদ্দপূর্ব বাঙলাদেশ / _cবদরুদ্দীন উমর _b |
| 260 |
_aঢাকা : _bমুক্তধারা, _c১৯৭৬। |
||
| 300 |
_a৩৯৫পৃ. ; _c২১ সেমি। _b |
||
| 651 | 0 |
_aবাংলাদেশ _xইতিহাস, ১৯৪৭-১৯৭১। |
|
| 651 | 0 |
_aBangladesh _xHistory, 1947-1971. |
|
| 942 |
_2ddc _cBK |
||
| 999 |
_c198972 _d198972 |
||